000 00587nam a2200229Ia 4500
003 0100
008 130307s9999 xx 000 0 und d
020 _a0812693426
040 _cARRUPELIB
050 _aB3248.G34G34 1997
245 4 _aThe philosophy of Hans-Georg Gadamer
260 _aIllInois
260 _bChicago and La Salle
260 _c1997
300 _axviii
300 _b619p. 23cm.
440 _aThe library of living philosophers
650 _bScience - Philosophy
650 _cTechnology & civilization
700 _aHahn, Lewis Edwin (ed.)
942 0 0 _01
999 _c94222
_d94222